Sports Quiz

Random Sports or WWE Quiz
Score 0/108 Timer 15:00
2 Plays Today
First reign Wrestler % Correct
1976Ric Flair
88.5%
1996Kevin Nash
86.8%
1996Sting
86.5%
1994Booker T
86.1%
1996Scott Hall
85.6%
1987Arn Anderson
84.9%
2000David Flair
84.6%
1975Ole Anderson
82.9%
1988Lex Luger
81.5%
1975Gene Anderson
81.4%
1989Scott Steiner
81.3%
1989Rick Steiner
81.2%
1994Stevie Ray
80.2%
1988Road Warrior Animal
76%
1988Road Warrior Hawk
76%
1999Chris Benoit
74.9%
1977Dusty Rhodes
73.8%
1993Steve Austin
73.5%
1991Dustin Rhodes
73%
1987Tully Blanchard
71.8%
2000Lieutenant Loco
71.3%
1999Bret Hart
70.8%
1999Diamond Dallas Page
70.5%
1999Rey Misterio, Jr.
70.5%
1988Barry Windham
69.5%
1993Brian Pillman
68.7%
1997The Giant
68%
1978Ricky Steamboat
67.9%
1993Marcus Buff Bagwell
67.8%
1999Kendall Windham
67.3%
1999Dean Malenko
67.3%
1999Goldberg
63.2%
1986Bobby Eaton
63%
1990Ron Simmons
62.2%
1999Raven
61.7%
1985Ricky Morton
61%
First reign Wrestler % Correct
1999Billy Kidman
60.5%
1985Robert Gibson
59.6%
1999Perry Saturn
59.6%
1988Stan Lane
59.3%
1989Michael Hayes
59.1%
1999Curt Hennig
57.2%
1993Brian Knobbs
57.1%
1994Kevin Sullivan
57.1%
1986Rick Rude
56.7%
1993Jerry Sags
56.4%
1989Jimmy Garvin
55.9%
1990Butch Reed
55.7%
1996Rocco Rock
55.2%
1999Kanyon
55.2%
1994Cactus Jack
55%
1999Konnan
54.3%
1999Bam Bam Bigelow
53.8%
1976Greg Valentine
53.8%
1985Nikita Koloff
52.6%
1981Ivan Koloff
52.5%
1989Steve Williams
52.2%
1992Shane Douglas
51.9%
2000Brian Adams
51.7%
1992Terry Gordy
50.3%
1986Dennis Condrey
49.8%
1993Paul Roma
48.8%
1989Mike Rotunda
48.6%
2000Bryan Clark
47.4%
2000Chuck Palumbo
47.2%
2000Sean O'Haire
47.2%
2000Alex Wright
46.6%
1978Paul Orndorff
46.6%
1995Scotty Riggs
46.4%
1996Johnny Grunge
45.6%
2000The Great Muta
45%
2000General Rection
44.9%
First reign Wrestler % Correct
1983Jack Brisco
44.7%
1983Jerry Brisco
44.7%
2000Juventud Guerrera
44.1%
1975Paul Jones
43.1%
1976Rufus R. Jones
42.2%
2000Mark Jindrak
42.2%
2000Shawn Stasiak
42.1%
1982Sgt. Slaughter
41.4%
1975Wahoo McDaniel
41.3%
1979Jay Youngblood
41.2%
2000Vampiro
41.2%
1999Don Harris/Gerald
40.6%
1999Ron Harris/Patrick
40.6%
19932 Cold Scorpio
40.5%
1980Mark Youngblood
40.5%
1991Larry Zbyszko
40.2%
1977Dick Slater
39.4%
1994The Patriot
39%
1978Jimmy Snuka
38.5%
2000Johnny the Bull
38.5%
2000Crowbar
37.1%
1979Blackjack Mulligan
36.2%
1984Manny Fernandez
35.7%
1995Bunkhouse Buck
34.3%
1984Bob Orton, Jr.
34%
2000Big Vito
32.7%
1982Don Kernodle
32.2%
2000Corporal Cajun
32%
1982Stan Hansen
31.4%
1985Krusher Krushchev
30.7%
1998Kenny Kaos
29.5%
1976Mr. Wrestling
29%
1980Ray Stevens
27.2%
1976Dino Bravo
25.4%
1978Baron Von Raschke
24.6%
1980Masked Superstar
23.2%

You're not logged in!

Compare scores with friends on all Sporcle quizzes.
OR
Log In

Sporcle TV

Today on Sporcle TV


Watch our educational content, quiz creation guides, and fun videos on Sporcle TV.

Show Comments

Extras

Top Quizzes Today


Score Distribution

Paid Content

Your Account Isn't Verified!

In order to create a playlist on Sporcle, you need to verify the email address you used during registration. Go to your Sporcle Settings to finish the process.

Report this User

Report this user for behavior that violates our Community Guidelines.

Details: